00372 2200157 4500001002100000005001500021035002000036245003700056100001400093300001200107260003900119082000800158084001400166020002200180990001200202INLIS00000000000181820250507071808 a0010-05250001101 aDIY Fashion Project /cEvita Nuh0 aEvita Nuh a104 hlm aYogyakarta :bBentang Belia,c2014 a600 a600 EVI d a978-602-7975-92-7 a0754738